Vegetación en terrenos de diferentes edades en las Islas del alto río Amazonas, Peru (Registro nro. 10013)

Detalles MARC
000 -CABECERA
Campo de control 006370000a22002050004500
090 ## - CLASIFICACIÓN LOCAL
Colección AR
Consecutivo 00925
041 0# - IDIOMA
Código de idioma para texto/pista de sonido o título separado
100 1# - ASIENTO PRINCIPAL--NOMBRE PERSONAL
Nombre personal Jokinen, Päivi
245 10 - MENCION DE TITULO
Título Vegetación en terrenos de diferentes edades en las Islas del alto río Amazonas, Peru
650 14 - ASIENTO SECUNDARIO DE MATERIA - TERMINO TEMATICO
Término temático o nombre geográfico como elemento de entrada Bosques sucesionales
650 14 - ASIENTO SECUNDARIO DE MATERIA - TERMINO TEMATICO
Término temático o nombre geográfico como elemento de entrada Ecología
650 14 - ASIENTO SECUNDARIO DE MATERIA - TERMINO TEMATICO
Término temático o nombre geográfico como elemento de entrada Dinámica fluvial
650 14 - ASIENTO SECUNDARIO DE MATERIA - TERMINO TEMATICO
Término temático o nombre geográfico como elemento de entrada Disturbios
651 #4 - ASIENTO SECUNDARIO DE MATERIA - NOMBRE GEOGRAFICO
-- Río Amazonas
-- Perú
700 1# - ASIENTO SECUNDARIO - NOMBRE PERSONAL
Nombre personal Tuukki, Eeva
700 1# - ASIENTO SECUNDARIO - NOMBRE PERSONAL
Nombre personal Kalliola, Risto
700 1# - ASIENTO SECUNDARIO - NOMBRE PERSONAL
Nombre personal Sarmiento, Abel
773 1# - Item fuente:
Título Folia Amazonica
Especificación de materiales 331
Descripción física 2
Paginas del Articulo 1-20
Lugar, editorial y fecha de publicación 1996
Información sobre la relación 8
942 ## - ELEMENTOS ADICIONALES (KOHA)
Tipo de ítem Artículo
Existencias
Withdrawn status Lost status Damaged status No para préstamo Colección Ubicación Permanente Ubicación actual Fecha de adquisición Fuente de Valor Datos de publicación Seriada Total Checkouts Número topográfico Inventario / Código de Barras Date last seen Ejemplar Price effective from Forma de adquisición Tipo de material
      No para Préstamo Hemeroteca Bogotá Bogotá 27/02/2015 Muñoz Saba, Yaneth Fuera de circulación   AR 00925 011221 25/03/2015 1 25/03/2015   Artículo